| 000 | 00954nam a2200241 i 4500 | ||
|---|---|---|---|
| 001 | 149393 | ||
| 003 | ES-MaACL | ||
| 005 | 20250902235301.0 | ||
| 007 | t| | ||
| 008 | 071015s1984 sp a |||| | spa d | ||
| 080 | _a626"15" | ||
| 100 | 1 |
_aLastanosa, Pedro Juan de. _9149116 |
|
| 245 | 1 | 4 |
_aLos veintiún libros de los ingenios y maquinas _b= The twenty books of devices and of machines / _cPseudo-Juanelo Turriano ; general introduction by J. Antonio García-Diego. |
| 260 |
_aMadrid : _bColegio de Ingenieros de Caminos, Canales y Puertos, _c1984. |
||
| 300 |
_a2 v. : _bil. ; _c24 cm. |
||
| 546 | _aTexto en español e introducción en inglés. | ||
| 650 | 1 | 4 |
_aIngeniería mecánica- _vObras anteriores a 1800 _913779 |
| 700 | 1 |
_aTurriano, Juanelo. _9149040 |
|
| 700 | 1 |
_aGarcía-Diego, José A. _954541 |
|
| 710 | 2 |
_aColegio de Ingenieros de Caminos, Canales y Puertos. _9139226 |
|
| 852 |
_aES-MaACL _jG-7149-50 |
||
| 999 |
_c149393 _d149393 |
||